Tilastot visalle Yhdistetyt valtiot #3

Klikkaa tästä pelataksesi tätä visaa!

Yleistilastot

  • Tätä visaa on pelattu 697 kertaa
  • Keskiarvotulos 14 / 20

Vastaukset kartalla

Vastauksille on annettu kartalla punavihreä väri sen mukaan, kuinka moni on saanut sen oikein.
 

Vastaustilastot

Valtio% Oikein
Norja
93%
Ruotsi
92%
Brasilia
88%
Intia
88%
Pakistan
85%
Uruguay
84%
Sudan
83%
Etelä-Sudan
80%
Irak
72%
Syyria
71%
Serbia
66%
Montenegro
63%
Peru
63%
Mosambik
62%
Ecuador
61%
Zimbabwe
61%
Ranska
57%
Algeria
56%
Suriname
56%
Tunisia
56%

Tulosjakauma

Persentiili vastausten määrän mukaan

Jokaisen tuloksen saaneiden osuus

Tuloshistoriasi

Et ole pelannut tätä visaa